000 00558nam a2200181 i 4500
001 75938
003 ES-MaACL
005 20230906172647.0
007 t|
008 040928s1976 sp ||||1| cat d
245 0 4 _aEls grups politics a Catalunya
_b: partits i programes /
_cJaume Colomer... [et al.] ; estudi introductori de Jordi Borja.
250 _a[1ยช ed.].
260 _a[Barcelona :
_bAvance,
_c1976]
300 _a2 v. ;
_c20 cm.
700 1 _aColomer, Jaume.
_939846
700 1 _aBorja, Jordi.
_930496
852 _aES-MaACL
_jA-5835-36
_bR.94806
999 _c75938
_d75938